00376pab a2200121 454500008003600000100001800036245011600054650001500170650001500185650001500200650001900215773002000234180718b xxu||||| |||| 00| 0 eng d aAgrawala, S.K aMauritius - a test case: India and its educational and cultural obligations to persons of Indian discent abroad a Education a Mauritius a Migration aIndians Abroad aUniversity News